C Subdivisions - Easy - Statistics

General Stats
  • This quiz has been taken 37 times
    3 since last reset
  • The average score is 85 of 250
Answer Stats
Hint Subdivision Type Answer % Correct
North Macedonia Municipality Čair
100%
Egypt Governorate Cairo
100%
Italy Region Calabria
100%
Italy Region Campania
100%
Spain Autonomous Community Cantabria
100%
Austria State Carinthia
100%
St. Lucia District Castries
100%
United Kingdom Overseas Territory Cayman Islands
100%
Belize District Cayo
100%
Botswana District Central
100%
Fiji Division Central
100%
Ghana Region Central
100%
Israel District Central
100%
Malawi Region Central
100%
Papua New Guinea Province Central
100%
Paraguay Department Central
100%
Solomon Islands Province Central
100%
Sri Lanka Province Central
100%
Zambia Province Central
100%
Bahamas District Central Andros
100%
Sudan State Central Darfur
100%
Togo Region Centrale
100%
Finland Region Central Finland
100%
Indonesia Province Central Java
100%
Indonesia Province Central Kalimantan
100%
Indonesia Province Central Sulawesi
100%
Burkina Faso Region Centre
100%
Cameroon Region Centre
100%
Haiti Department Centre
100%
France Region Centre-Val de Loire
100%
Argentina Province Chaco
100%
India Union Territory Chandigarh
100%
Russia Republic Chechnya
100%
Russia Oblast Chelyabinsk
100%
India State Chhattisgarh
100%
Mexico State Chiapas
100%
Mexico State Chihuahua
100%
Myanmar State Chin
100%
Moldova Municipality Chișinău
100%
Bangladesh Division Chittagong
100%
China Municipality Chongqing
100%
Australia External Territory Christmas Island
100%
Russia Autonomous Okrug Chukotka
100%
Micronesia State Chuuk
100%
Romania County Cluj
100%
Mexico State Coahuila
100%
Australia External Territory Cocos (Keeling) Islands
100%
Mexico State Colima
100%
United States State Connecticut
100%
New Zealand Associated State Cook Islands
100%
Argentina Province Córdoba
100%
Colombia Department Córdoba
100%
Ireland City Cork
100%
Ireland County Cork
100%
Belize District Corozal
100%
France Region Corse (Corsica)
100%
Greece Decentralized Administration Crete
100%
Netherlands Constituent Country Curaçao
100%
Peru Department Cuzco
100%
Angola Province Cabinda
50%
United States State California
50%
Mexico State Campeche
50%
Ecuador Province Cañar
50%
Spain Autonomous Community Canary Islands
50%
Bahrain Governorate Capital
50%
Colombia Department Capital District
50%
Venezuela Special Status Area Capital District
50%
Costa Rica Province Cartago
50%
Spain Autonomous Community Castile and León
50%
Spain Autonomous Community Castilla–La Mancha
50%
Spain Autonomous Community Catalonia
50%
Argentina Province Catamarca
50%
Bahamas District Cat Island
50%
Brazil State Ceará
50%
Bahamas District Central Abaco
50%
Czechia Region Central Bohemian
50%
Bahamas District Central Eleuthera
50%
South Sudan State Central Equatoria
50%
Ethiopia Region Central Ethiopia
50%
Philippines Administrative Region Central Luzon
50%
Finland Region Central Ostrobothnia
50%
Indonesia Province Central Papua
50%
Gambia Region Central River
50%
Philippines Administrative Region Central Visayas
50%
Montenegro Municipality Cetinje
50%
Spain Autonomous Municipality Ceuta
50%
Mauritius Outer Island Chagos
50%
Ukraine Oblast Chernihiv
50%
Thailand Province Chiang Mai
50%
Japan Prefecture Chiba
50%
Ecuador Province Chimborazo
50%
Algeria Province Chlef
50%
Colombia Department Chocó
50%
Barbados Parish Christ Church
50%
Argentina Province Chubut
50%
Bolivia Department Chuquisaca
50%
Russia Republic Chuvashia
50%
Bolivia Department Cochabamba
50%
Honduras Department Colón
50%
Panama Province Colón
50%
United States State Colorado
50%
Guinea Region Conakry
50%
Algeria Province Constantine
50%
Honduras Department Copán
50%
Zambia Province Copperbelt
50%
Chile Region Coquimbo
50%
Paraguay Department Cordillera
50%
Philippines Administrative Region Cordillera
50%
Argentina Province Corrientes
50%
Ukraine Autonomous Republic Crimea
50%
Nigeria State Cross River
50%
Paraguay Department Caaguazú
0%
Paraguay Department Caazapá
0%
El Salvador Department Cabañas
0%
Mozambique Province Cabo Delgado
0%
Guinea-Bissau Region Cacheu
0%
Philippines Administrative Region Cagayan Valley
0%
Moldova District Cahul
0%
Peru Department Cajamarca
0%
Philippines Administrative Region Calabarzon
0%
Moldova District Călărași
0%
Romania County Călărași
0%
Colombia Department Caldas
0%
Peru Constitutional Province Callao
0%
Cuba Province Camagüey
0%
Vietnam Province Cà Mau
0%
Türkiye Province Çanakkale
0%
St. Lucia District Canaries
0%
Uruguay Department Canelones
0%
Andorra Parish Canillo
0%
Paraguay Department Canindeyú
0%
Türkiye Province Çankırı
0%
Slovenia Municipality Cankova
0%
Sao Tome and Principe District Cantagalo
0%
Moldova District Cantemir
0%
Vietnam Province Cao Bằng
0%
Luxembourg Canton Capellen
0%
Solomon Islands Province Capital Territory
0%
Colombia Department Caquetá
0%
Venezuela State Carabobo
0%
Philippines Administrative Region Caraga
0%
Romania County Caraș-Severin
0%
Nicaragua Department Carazo
0%
Ecuador Province Carchi
0%
Ireland County Carlow
0%
Grenada Dependency Carriacou and Petite Martinique
0%
Morocco Region Casablanca-Settat
0%
Colombia Department Casanare
0%
Seychelles District Cascade
0%
Burkina Faso Region Cascades
0%
North Macedonia Municipality Čaška
0%
Portugal District Castelo Branco
0%
Colombia Department Cauca
0%
Sao Tome and Principe District Caué
0%
Moldova District Căușeni
0%
Ireland County Cavan
0%
Slovenia Municipality Celje
0%
North Macedonia Municipality Centar
0%
North Macedonia Municipality Centar Župa
0%
Serbia District Central Banat
0%
Burkina Faso Region Centre-Est
0%
Burkina Faso Region Centre-Nord
0%
Burkina Faso Region Centre-Ouest
0%
Burkina Faso Region Centre-Sud
0%
Equatorial Guinea Province Centro Sur
0%
Slovenia Municipality Cerklje na Gorenjskem
0%
Slovenia Municipality Cerknica
0%
Slovenia Municipality Cerkno
0%
Slovenia Municipality Cerkvenjak
0%
Uruguay Department Cerro Largo
0%
Colombia Department Cesar
0%
North Macedonia Municipality Češinovo-Obleševo
0%
Latvia Municipality Cēsis
0%
Thailand Province Chachoengsao
0%
North Korea Province Chagang
0%
Trinidad and Tobago Municipality Chaguanas
0%
Iran Province Chaharmahal and Bakhtiari
0%
Thailand Province Chai Nat
0%
Thailand Province Chaiyaphum
0%
El Salvador Department Chalatenango
0%
Laos Province Champasak
0%
Taiwan County Changhua
0%
Thailand Province Chanthaburi
0%
Chad Province Chari-Baguirmi
0%
St. Vincent and the Grenadines Parish Charlotte
0%
Ukraine Oblast Cherkasy
0%
Ukraine Oblast Chernivtsi
0%
Bhutan District Chhukha
0%
Thailand Province Chiang Rai
0%
Taiwan County Chiayi
0%
Taiwan Provincial City Chiayi
0%
San Marino Castelli Chiesanuova
0%
Guatemala Department Chimaltenango
0%
Papua New Guinea Province Chimbu (Simbu)
0%
Nicaragua Department Chinandega
0%
Guatemala Department Chiquimula
0%
Panama Province Chiriquí
0%
Botswana District Chobe
0%
St. Lucia District Choiseul
0%
Solomon Islands Province Choiseul
0%
Honduras Department Choluteca
0%
Thailand Province Chonburi
0%
Nicaragua Department Chontales
0%
Thailand Province Chumphon
0%
Kyrgyzstan Region Chüy
0%
Cuba Province Ciego de Ávila
0%
Cuba Province Cienfuegos
0%
Moldova District Cimișlia
0%
Slovenia Municipality Cirkulane
0%
Bahamas District City of Freeport
0%
Croatia County City of Zagreb
0%
Ireland County Clare
0%
Jamaica Parish Clarendon
0%
Luxembourg Canton Clervaux
0%
Vietnam City Cần Thơ
0%
Panama Province Coclé
0%
Portugal District Coimbra
0%
Venezuela State Cojedes
0%
Benin Department Collines
0%
Uruguay Department Colonia
0%
Honduras Department Comayagua
0%
Suriname District Commewijne
0%
Côte d'Ivoire Autonomous District Comoé
0%
Paraguay Department Concepción
0%
Republic of the Congo Department Congo-Oubangi
0%
Romania County Constanța
0%
Suriname District Coronie
0%
Honduras Department Cortés
0%
Turkiye Province Çorum
0%
Ecuador Province Cotopaxi
0%
Trinidad and Tobago Region Couva-Tabaquite-Talparo
0%
Timor-Leste Municipality Cova Lima
0%
Romania County Covasna
0%
Slovenia Municipality Črenšovci
0%
Moldova District Criuleni
0%
Slovenia Municipality Črna na Koroškem
0%
Slovenia Municipality Črnomelj
0%
Bahamas District Crooked Island and Long Cay
0%
Hungary County Csongrád-Csanád
0%
Angola Province Cuando
0%
Angola Province Cuanza Norte
0%
Angola Province Cuanza Sul
0%
Angola Province Cubango
0%
North Macedonia Municipality Čučer-Sandevo
0%
Colombia Department Cundinamarca
0%
Angola Province Cunene
0%
El Salvador Department Cuscatlán
0%
Republic of the Congo Department Cuvette
0%
Republic of the Congo Department Cuvette-Ouest
0%
Guyana Region Cuyuni-Mazaruni
0%
No matching quizzes found
Score Distribution
Percent of People with Each Score
Percentile by Number Answered
Your Score History
You have not taken this quiz since the last reset